Famous Architects - Statistics

General Stats
  • This quiz has been taken 381 times
  • The average score is 5 of 16
Answer Stats
Picture Hint Answer % Correct
USA Frank Lloyd Wright
74%
Switzerland/ France Le Corbusier
68%
Iraq Zaha Hadid
65%
Brazil Oscar Niemeyer
46%
Germany Mies van der Rohe
36%
Spain Santiago Calatrava
26%
Japan Tadao Ando
26%
Finland Alvar Aalto
25%
Germany Walter Gropius
24%
Switzerland Peter Zumthor
15%
Denmark Bjarke Ingels
13%
Burkina Faso/ Germany Diebedo Francis Kere
10%
Mexico Luis Barragan
9%
Brazil Paulo Mendes da Rocha
8%
Japan Kazuyo Sejima
7%
France Odile Decq
3%
No matching quizzes found
Score Distribution
Percent of People with Each Score
Percentile by Number Answered
Your Score History
You have not taken this quiz